Potvrdzovanie elektronického dokumentu

Pokračovanie článku o elektronických dokumentoch z predchádzajúcich čísiel časopisu. Významné úkony pri práci s elektronickými dokumentami. Reálna elektronická podateľňa. Elektronická potvrdenka. Digitálna obálka. Pokračovanie v ďalšom čísle.

Guardado en:
Detalles Bibliográficos
Autor principal: Rexa, Radimír
Formato: Capítulo de libro
Lenguaje:eslovaco
Materias:
Etiquetas: Agregar Etiqueta
Sin Etiquetas, Sea el primero en etiquetar este registro!

MARC

LEADER 00000naa a2200000 4500
001 r046944
005 20231002114442.7
041 0 |a slo 
044 |a SK 
245 1 0 |a Potvrdzovanie elektronického dokumentu  |c Radimír Rexa 
520 |a Pokračovanie článku o elektronických dokumentoch z predchádzajúcich čísiel časopisu. Významné úkony pri práci s elektronickými dokumentami. Reálna elektronická podateľňa. Elektronická potvrdenka. Digitálna obálka. Pokračovanie v ďalšom čísle. 
610 2 0 |a obchod elektronický 
610 2 0 |a dokumentácia 
610 2 0 |a dokumenty 
610 2 0 |a úpravy právne 
100 1 |a Rexa, Radimír